| 000 | 00452nam a2200181Ia 4500 | ||
|---|---|---|---|
| 003 | OSt | ||
| 005 | 20251003155823.0 | ||
| 008 | 220915b |||||||| |||| 00| 0 eng d | ||
| 037 | _cTB | ||
| 040 |
_beng _aARTS _cARTS |
||
| 041 | _aeng | ||
| 084 |
_aP9m K4 _qAL |
||
| 100 |
_aGrace George W. Ed. _9847453 |
||
| 245 | 0 | _aOceanic liguistics | |
| 260 | _c1975 | ||
| 942 |
_hP9m K4 _cTB _2CC _n0 |
||
| 999 |
_c105060 _d105060 |
||